|
|
|
|
| LEADER |
01929cas a2200253 a 4500 |
| 001 |
AALejournalIMF011908 |
| 008 |
230101c9999 xx r poo 0 0eng d |
| 020 |
|
|
|c 5.00 USD
|
| 020 |
|
|
|z 9781475504163
|
| 022 |
|
|
|a 1018-5941
|
| 040 |
|
|
|a BD-DhAAL
|c BD-DhAAL
|
| 100 |
1 |
|
|a Walsh, James.
|
| 245 |
1 |
0 |
|a Inflation and Income Inequality :
|b Is Food Inflation Different? /
|c James Walsh, Jiangyan Yu.
|
| 264 |
|
1 |
|a Washington, D.C. :
|b International Monetary Fund,
|c 2012.
|
| 300 |
|
|
|a 1 online resource (22 pages)
|
| 490 |
1 |
|
|a IMF Working Papers
|
| 500 |
|
|
|a <strong>Off-Campus Access:</strong> No User ID or Password Required
|
| 500 |
|
|
|a <strong>On-Campus Access:</strong> No User ID or Password Required
|
| 506 |
|
|
|a Electronic access restricted to authorized BRAC University faculty, staff and students
|
| 520 |
3 |
|
|a There is an extensive literature noting that high inflation can add to income inequality, and a parallel literature assessing the effect of rising food prices on the poor. This paper attempts to combine these strands by dividing inflation into food and nonfood inflation and assessing whether food inflation affects income inequality differently from nonfood inflation. In an international sample and a sample of Chinese provinces, nonfood inflation exacerbates income inequality while the role of food inflation is more mixed. In a sample of Indian states broken down into urban and rural areas, we find that nonfood inflation adds to income inequality in both areas, while food inflation has a neutral to positive effect on income inequality in rural areas, providing support for the theory that rural wages may respond elastically to food prices.
|
| 538 |
|
|
|a Mode of access: Internet
|
| 700 |
1 |
|
|a Yu, Jiangyan.
|
| 830 |
|
0 |
|a IMF Working Papers; Working Paper ;
|v No. 2012/147
|
| 856 |
4 |
0 |
|z Full text available on IMF
|u http://elibrary.imf.org/view/journals/001/2012/147/001.2012.issue-147-en.xml
|z IMF e-Library
|